Annual review of biochemistry. V 60. 1991 (Record no. 44977)

MARC details
000 -LEADER
fixed length control field 00293nam a2200109Ia 4500
082 ## - DEWEY DECIMAL CLASSIFICATION NUMBER
Classification number 577.1
Item number ANN.60
245 #0 - TITLE STATEMENT
Title Annual review of biochemistry. V 60. 1991
260 ## - PUBLICATION, DISTRIBUTION, ETC. (IMPRINT)
Place of publication California
Name of publisher Annual Reviews
Year of publication 1991
650 ## - SUBJECT ADDED ENTRY--TOPICAL TERM
Topical Term Biochemistry
942 ## - ADDED ENTRY ELEMENTS (KOHA)
Koha item type Books
Holdings
Withdrawn status Lost status Damaged status Not for loan Collection code Home library Current library Date acquired Full call number Accession Number Koha item type
        Journal register RRII Library RRII Library 16/12/2021 577.1 ANN.60 J20488 Books